Hacia un proceso penal ms̀ reparador y resocializador avances desde la justicia terapǔtica /

Detalles Bibliográficos
Autor principal: Gonzl̀ez Pillado, Esther
Formato: eBook
Lenguaje:español
Publicado: Madrid: Dykinson, 2019
Materias:
Acceso en línea:Acceso restringido

MARC

LEADER 00000nam a22000007a 4500
005 20191114213920.0
007 cr|||| ||||
008 191114s2019 es |||||s|||| 00||0 spa d
020 |a 978-84-1324-394-8 
035 |a 30623 
040 |a vLex 
090 |c 10010  |d 10010 
100 1 |a Gonzl̀ez Pillado, Esther 
245 1 0 |a Hacia un proceso penal ms̀ reparador y resocializador  |h [Recurso electrn̤ico] :  |b avances desde la justicia terapǔtica /  |c Esther Gonzl̀ez Pillado 
256 |a Servicio en ln̕ea 
260 |a Madrid:  |b Dykinson,  |c 2019 
300 |a 1 recurso electrn̤ico 
500 |a La obra que se presenta al lector trata de dar a conocer la Justicia Terapǔtica a los investigadores y profesionales que trabajan en su da̕ a da̕ con personas que se enfrentan a un proceso penal, ya sea como vc̕tima o victimario, para mostrarles una visin̤ distinta de nuestro sistema de justicia penal que pueda ofrecer una respuesta ms̀ humana. Para cumplir ese objetivo, se inicia la obra con tres capt̕ulos, que pueden considerarse introductorios, en los que se parte del concepto de Justicia Terapǔtica desde sus org̕enes en Estados Unidos, con las obras de los profesores Wexler y Winick, para diferenciarla despuš de la justicia restaurativa y resaltar la importancia de formar a los operadores jurd̕icos en Justicia Terapǔtica para de esta forma poner a su disposicin̤ nuevas herramientas en su quehacer diario que redunden en beneficio de quienes estǹ involucrados en el proceso penal. A partir de aqu ̕y a lo largo de los capt̕ulos siguientes se van analizando las distintas figuras jurd̕icas propias del proceso penal y los programas de intervencin̤ con vc̕timas o victimarios que encajan con los postulados de la Justicia Terapǔtica. 
506 1 |a Disponible solo en los productos indicados  |d vLex Global  |d vLex Global (Academic Edition, excluding Law Schools)  |d vLex Global (U.S. Academic Edition, Law Schools)  |d vLex Global (U.S. Academic Edition, excluding Law Schools)  |d vLex Global (Academic Edition, Law Schools) 
650 0 4 |a Derecho Penal  |z Espaą 
650 0 4 |a Procedimiento Penal  |z Espaą 
740 0 |a vLex Libros (Servicio en ln̕ea) 
856 4 0 |u http://vlex.com/source/hacia-un-proceso-penal-mas-reparador-y-resocializador-avances-desde-la-justicia-terapeutica-30623  |z Acceso restringido 
942 |c BOOK 
999 0 |a Criminal Law 
999 0 |a Criminal Procedure